| 000 | 01000nam a2200253 a 4500 | ||
|---|---|---|---|
| 001 | 000025856 | ||
| 005 | 20200930024113.0 | ||
| 008 | 110217s1968 sp r 000 | spa d | ||
| 040 |
_aDO-SdBNP _bspa _cBNPHU |
||
| 041 |
_aspa _hpap _2Código de idioma MARC |
||
| 082 |
_a960 _bJ94p, 1968 |
||
| 100 | 1 |
_aJulien, Paul, _952695 |
|
| 240 | 0 |
_aPygmeeën : vijentwintig jaar dwergen-onderzoek in equatoriaal Afrika. _lEspañol |
|
| 245 | 1 | 0 |
_aPigmeos : _bveinticinco años entre los pueblos de negrillos del africa ecuatorial / _cPaul Julien; traducción Juan Godo Costa ; revisión, notas Augusto Panyella. |
| 250 | _a2a ed. | ||
| 260 |
_aBarcelona : _bLabor, _c1968. |
||
| 300 |
_a334 p. : _bil. ; _c23 cm. |
||
| 534 |
_aTítulo original : _tPygmeeën : vijentwintig jaar dwergen-onderzoek in equatoriaal Afrika. |
||
| 651 | 4 |
_aAfrica _xHistoria _94616 |
|
| 650 | 4 |
_aPigmeos _952696 |
|
| 650 | 4 |
_aCiudades y pueblos _xHistoria _zAfrica _952697 |
|
| 700 | 1 |
_aGodo Costa, Juan, _etr. _951396 |
|
| 049 | _aBNGR | ||
| 999 |
_c25348 _d25348 |
||